LEADER 01088nam0-2200349---450- 001 990009576360403321 005 20120518141752.0 010 $a88-85192-05-X 035 $a000957636 035 $aFED01000957636 035 $a(Aleph)000957636FED01 035 $a000957636 100 $a20120518d1992----km-y0itay50------ba 101 1 $aita 102 $aIT 105 $ay-------001yy 200 1 $aDizionario delle medicine naturali$fedizione americana a cura di Mark Bricklin$gedizione italiana a cura di Pinni Galante 210 $aRoma$cPlanta medica$dc1992 215 $a342 p.$d25 cm 454 0$12001$a<>practical encyclopedia of natural healing$956308 610 0 $aTerapie naturali$aDizionari 610 0 $aMedicina alternativa$aEnciclopedie e dizionari 676 $a615.535 702 1$aBricklin,$bMark 702 1$aGalante,$bPinni 801 0$aIT$bUNINA$gRICA$2UNIMARC 901 $aBK 912 $a990009576360403321 952 $a80 XXV 72$b10749$fFFABC 959 $aFFABC 996 $aPractical encyclopedia of natural healing$956308 997 $aUNINA LEADER 01032nam0-22002771i-450 001 990005365800403321 005 20230912130456.0 035 $a000536580 035 $aFED01000536580 035 $a(Aleph)000536580FED01 035 $a000536580 100 $a19990530d1937----km-y0itay50------ba 101 0 $alat 105 $af-------00--- 200 1 $aEsplorazioni e studi in Paflagonia e Cappadocia. Relazione sulla seconda campagna esplorativa. Agosto-Ottobre 1936-XVI$fGiulio Jacopi 210 $aRoma$c[Arti Grafiche Fratelli Palombi]$d1937 [A. XV dell'E.F.] 215 $aP. 4-43$bTav. 38$d29 cm 304 $aAl front. : R. Istituto d'Archeologia e Storia dell'Arte 700 1$aJacopi,$bGiulio$037766 801 0$aIT$bUNINA$gRICA$2UNIMARC 901 $aBK 912 $a990005365800403321 952 $aARCH. BM MISC. 056 (06)$bARCH 14495$fFLFBC 959 $aFLFBC 996 $aEsplorazioni e studi in Paflagonia e Cappadocia. Relazione sulla seconda campagna esplorativa. Agosto-Ottobre 1936-XVI$9593698 997 $aUNINA